[Event "Sao Sebastiao op"]
[Site "Sao Sebastiao do Paraiso"]
[Date "2013.10.04"]
[Round "2"]
[White "Yanaguihara, Vitor Kioshi"]
[Black "Lapertosa Viana, Julio"]
[Result "1/2-1/2"]
[WhiteElo "1764"]
[BlackElo "2091"]
[PlyCount "31"]
[EventDate "2013.10.04"]
[EventType "swiss"]
[EventRounds "6"]
[EventCountry "BRA"]
[SourceTitle "EXT 2014"]
[Source "ChessBase"]
[SourceDate "2013.11.20"]
[SourceVersion "1"]
[SourceVersionDate "2013.11.20"]
[SourceQuality "1"]

1. c4 Nf6 2. g3 g6 3. Bg2 d5 4. Nc3 d4 5. Nd5 Nxd5 6. cxd5 Bg7 7. d3 0-0 8. Bf4 c6 9. dxc6 Nxc6 10. Qd2 Qb6 11. Nf3 Be6 12. Bh6 Qb4 13. Bxg7 Kxg7 14. Qxb4 Nxb4 15. Nxd4 Bxa2 16. 0-0 1/2-1/2

[Event "Mogi das Cruzes op 08"]
[Site "Mogi das Cruzes"]
[Date "2013.08.18"]
[Round "6"]
[White "Yanaguihara, Vitor Kioshi"]
[Black "De Carvalho, Rafael Cunha"]
[Result "0-1"]
[WhiteElo "1746"]
[BlackElo "2047"]
[PlyCount "80"]
[EventDate "2013.08.16"]
[EventType "swiss"]
[EventRounds "6"]
[EventCountry "BRA"]
[SourceTitle "CBM 155 Extra"]
[Source "ChessBase"]
[SourceDate "2013.08.26"]
[SourceVersion "1"]
[SourceVersionDate "2013.08.26"]
[SourceQuality "1"]

1. c4 Nf6 2. Nc3 d5 3. cxd5 Nxd5 4. Nf3 g6 5. e4 Nxc3 6. bxc3 Bg7 7. d4 c5 8. Bb5+ Nd7 9. 0-0 0-0 10. e5 a6 11. Bxd7 Bxd7 12. d5 Bb5 13. Re1 Bc4 14. Be3 Rc8 15. Qa4 Qxd5 16. Rad1 Bd3 17. Qh4 Qc4 18. Qxc4 Bxc4 19. Rd7 b5 20. Rxe7 b4 21. cxb4 cxb4 22. Bd2 a5 23. Ra7 Ra8 24. Rxa5 Rxa5 25. Bxb4 Rxa2 26. Bxf8 Bxf8 27. Ng5 Bc5 28. Ne4 Bd4 29. Nf6+ Kg7 30. Ng4 h5 31. Ne3 Bxe3 32. fxe3 Re2 33. Rxe2 Bxe2 34. Kf2 Bc4 35. Kf3 g5 36. Ke4 Kg6 37. g3 Be6 38. h4 Ba2 39. Kf3 gxh4 40. gxh4 Kf5 0-1

[Event "Mogi das Cruzes op 08"]
[Site "Mogi das Cruzes"]
[Date "2013.08.16"]
[Round "1"]
[White "Yanaguihara, Vitor Kioshi"]
[Black "Cubas, Jose Fernando"]
[Result "0-1"]
[WhiteElo "1746"]
[BlackElo "2512"]
[PlyCount "90"]
[EventDate "2013.08.16"]
[EventType "swiss"]
[EventRounds "6"]
[EventCountry "BRA"]
[SourceTitle "CBM 155 Extra"]
[Source "ChessBase"]
[SourceDate "2013.08.26"]
[SourceVersion "1"]
[SourceVersionDate "2013.08.26"]
[SourceQuality "1"]

1. c4 e5 2. Nc3 Nf6 3. Nf3 Nc6 4. g3 g6 5. Bg2 Bg7 6. 0-0 0-0 7. d3 h6 8. Rb1 a5 9. a3 d6 10. b4 axb4 11. axb4 Be6 12. b5 Ne7 13. Nd2 Qc8 14. Bb2 Bh3 15. Ra1 Rxa1 16. Qxa1 Bxg2 17. Kxg2 Nh5 18. e3 f5 19. f4 g5 20. Qd1 Nf6 21. Nf3 exf4 22. exf4 gxf4 23. gxf4 Ng6 24. Qd2 Nh5 25. Nd5 Bxb2 26. Qxb2 c6 27. bxc6 bxc6 28. Nb6 Qe8 29. Kh1 Ngxf4 30. Qd4 Qe2 31. Rg1+ Kh7 32. Nh4 Nh3 33. Nd7 Nf2+ 34. Qxf2 Qxf2 35. Nxf8+ Kh8 36. Nfg6+ Kg7 37. Nxf5+ Kf6 38. Ngh4 Nf4 39. d4 Qe2 40. Nxd6 Ke6 41. c5 Nh3 42. Ra1 h5 43. Rb1 Kd5 44. Ra1 Qg4 45. Ng2 Qxd4 0-1

[Event "Ribeira Valley op 9th"]
[Site "Registro"]
[Date "2013.08.01"]
[Round "5"]
[White "Maranhao, Jose Renato Ruiz"]
[Black "Yanaguihara, Vitor Kioshi"]
[Result "1-0"]
[WhiteElo "2024"]
[BlackElo "1746"]
[PlyCount "101"]
[EventDate "2013.07.30"]
[EventType "swiss"]
[EventRounds "9"]
[EventCountry "BRA"]
[SourceTitle "CBM 155 Extra"]
[Source "ChessBase"]
[SourceDate "2013.08.26"]
[SourceVersion "1"]
[SourceVersionDate "2013.08.26"]
[SourceQuality "1"]

1. e4 e5 2. Nf3 d6 3. d4 exd4 4. Nxd4 Nf6 5. Nc3 Nbd7 6. Bc4 Be7 7. 0-0 Ne5 8. Bb3 c5 9. Ba4+ Kf8 10. Nf5 Bxf5 11. exf5 a6 12. f4 Nc6 13. Bxc6 bxc6 14. Qf3 Qc7 15. g4 d5 16. g5 Ne8 17. b3 Nd6 18. Bb2 d4 19. f6 gxf6 20. Na4 Nf5 21. Qh3 Ne3 22. Qh6+ Ke8 23. Qg7 Rf8 24. Rf3 Bd6 25. Qxf6 Qd7 26. h3 Rg8 27. Nb6 Qd8 28. Rxe3+ dxe3 29. Nxa8 Qxf6 30. Bxf6 Kd7 31. Nb6+ Kc7 32. Nc4 Bxf4 33. Re1 h6 34. h4 hxg5 35. hxg5 Bxg5 36. Bxg5 Rxg5+ 37. Kh2 Rf5 38. Nxe3 Rf2+ 39. Kg3 Rd2 40. Rf1 Rd7 41. Nc4 Re7 42. a4 Kd7 43. Rf6 Re2 44. Rxf7+ Ke6 45. Rf2 Re1 46. Rd2 Rg1+ 47. Kf4 Rf1+ 48. Ke3 Re1+ 49. Kd3 Kd5 50. Re2 Rxe2 51. Kxe2 1-0